000 01027nas a2200313 4500
001 BR2013005874
003 BR-BrBNA
005 20231205122728.0
007 ta
008 230509b bl.|||p| |||| 00| 00por d
040 _aBR-BrBNA
_bpor
_cBiblioteca Nacional de Agricultura
041 _a(Pt)
072 _aF04; Q70
100 1 _aPeixoto Filho, J.U.
100 1 _aFreire, M.B.G. dos S.
100 1 _aFreire, F.J.
100 1 _aMiranda, M.F.A.
100 1 _aPessoa, L.G.M.
100 1 _aKamimura, K.M.
245 1 _aProdutividade de alface com doses de esterco de frango, bovino e ovino em cultivos sucessivos
650 _aLACTUCA SATIVA
650 _aADUBO ORGÂNICO
650 _aRESÍDUO ORGÂNICO
650 _aNITROGÊNIO
773 0 _tRevista Brasileira de Engenharia Agrícola e Ambiental (Brazil)
_xISSN 1807-1929
_g(Apr 2013), v. 17(4) p. 419-424
_wBR2013005874
856 4 0 _uhttp://www.scielo.br/pdf/rbeaa/v17n4/a10v17n4.pdf
909 _a202311
_bLúcia
_c55
_dLúcia Elande
942 _2AGRIS
_n0
_cANA
999 _c230215
_d230215